<?xml version="1.0" encoding="UTF-8"?>
<record
    xmlns:xsi="http://www.w3.org/2001/XMLSchema-instance"
    xsi:schemaLocation="http://www.loc.gov/MARC21/slim http://www.loc.gov/standards/marcxml/schema/MARC21slim.xsd"
    xmlns="http://www.loc.gov/MARC21/slim">

  <leader>00535nam a22001817a 4500</leader>
  <controlfield tag="003">OSt</controlfield>
  <controlfield tag="005">20160913131036.0</controlfield>
  <controlfield tag="008">160913s1992    spc||||  |||||||| ||spa d</controlfield>
  <datafield tag="017" ind1=" " ind2=" ">
    <subfield code="a">DL B. 17706-1992</subfield>
    <subfield code="b">Biblioteca de Catalunya</subfield>
  </datafield>
  <datafield tag="020" ind1=" " ind2=" ">
    <subfield code="a">8422641127</subfield>
  </datafield>
  <datafield tag="040" ind1=" " ind2=" ">
    <subfield code="c">CDMR</subfield>
  </datafield>
  <datafield tag="100" ind1="1" ind2=" ">
    <subfield code="a">Fallaci, Oriana</subfield>
    <subfield code="9">929</subfield>
  </datafield>
  <datafield tag="245" ind1="1" ind2="0">
    <subfield code="a">Inshallah </subfield>
    <subfield code="c">Oriana Fallaci ; [traducci&#xF3;n del italiano: Francisco Vila] </subfield>
  </datafield>
  <datafield tag="260" ind1=" " ind2=" ">
    <subfield code="a">Barcelona :</subfield>
    <subfield code="b">C&#xED;rculo de Lectores,</subfield>
    <subfield code="c">DL 1992</subfield>
  </datafield>
  <datafield tag="300" ind1=" " ind2=" ">
    <subfield code="a">697 p. ;</subfield>
    <subfield code="c">22 cm</subfield>
  </datafield>
  <datafield tag="500" ind1=" " ind2=" ">
    <subfield code="a">T&#xED;t. orig.: Insciallah</subfield>
  </datafield>
  <datafield tag="942" ind1=" " ind2=" ">
    <subfield code="c">MON</subfield>
  </datafield>
  <datafield tag="999" ind1=" " ind2=" ">
    <subfield code="c">6958</subfield>
    <subfield code="d">6958</subfield>
  </datafield>
  <datafield tag="952" ind1=" " ind2=" ">
    <subfield code="0">0</subfield>
    <subfield code="1">0</subfield>
    <subfield code="4">0</subfield>
    <subfield code="7">0</subfield>
    <subfield code="a">CDMR</subfield>
    <subfield code="b">CDMR</subfield>
    <subfield code="d">2016-09-13</subfield>
    <subfield code="e">Donaci&#xF3;</subfield>
    <subfield code="g">13.52</subfield>
    <subfield code="l">1</subfield>
    <subfield code="o">Dj 56</subfield>
    <subfield code="p">CDMR16090001</subfield>
    <subfield code="r">2016-09-19</subfield>
    <subfield code="s">2016-09-13</subfield>
    <subfield code="v">13.52</subfield>
    <subfield code="w">2016-09-13</subfield>
    <subfield code="y">MON</subfield>
  </datafield>
</record>
